000 00328nam a2200133Ia 4500
100 _aBhattacharyya/S.K/ Dearden/John
942 _cBK
654 _aAccounting For Management
245 _aAccounting for management
260 _bVani Educational Book
_aNew Delhi
_c1985
082 _a658.1
300 _a696
546 _aENGLISH
999 _c29371
_d29371